00809nam a22002057a 450000500170000001000150001702000270003203500130005903700130007208200190008510000200010424501030012426000460022727000660027330000320033950000500037194200330042199900190045495201300047320161019121245.0 aENG-116223 a9780198099765c1195.00 aEN-99755 bDBAD/PUB a305.5122095433 aSanal Mohan,P.  aModernity of slavery :cby P. Sanal Mohanbstruggles against caste inequality in colonial Kerala / aNew Delhi bOxford University Pressc2015 aYMCA Library Building, 1 Jai Singh Road, bNew Delhi e110001 axiii,346p. :c22cm(Hb)bill aIncludes bibliographical references and index 2ddccENmSANh305.5122095433 c104054d104054 001040708NFICaBNbBNd2016-10-19eDBAD/PUBg1195.00l0o305.5122095433 SANpEN-99755r2016-10-19 00:00:00t1v1195.00yEN